The Moralist
Saved in:
| Main Author: | |
|---|---|
| Other Authors: | |
| Format: | Electronic eBook |
| Language: | English |
| Published: |
Project Gutenberg,
2010
|
| Series: | Project Gutenberg
32751 |
| Online Access: | http://www.gutenberg.org/etext/32751 Rights |
| Tags: |
Add Tag
No Tags, Be the first to tag this record!
|
| Call Number : |
MARC
| LEADER | 00000cam a22000003a 4500 | ||
|---|---|---|---|
| 001 | 61050 | ||
| 003 | MY-KLNDU | ||
| 005 | 20241219024437.0 | ||
| 008 | 100609s2010||||xxu|||||s|||||000 | eng d | ||
| 035 | |a (PGUSA)32751 | ||
| 039 | 9 | |a 202104081218 |b VLOAD |y 202104021522 |z VLOAD | |
| 040 | |a PGUSA |b eng | ||
| 042 | |a dc | ||
| 100 | 1 | |a Taylor, Jack | |
| 245 | 1 | 4 | |a The Moralist |h [electronic resource] / |c by Jack Taylor; illustrated by George Henry, 1898-1946 Weiss |
| 260 | |b Project Gutenberg, |c 2010 | ||
| 500 | |a Project Gutenberg | ||
| 506 | |a Freely available. | ||
| 516 | |a Electronic text | ||
| 599 | |a Dummy Record | ||
| 700 | 1 | |a Weiss, George Henry, 1898-1946, |e Illustrator | |
| 830 | 0 | |a Project Gutenberg |v 32751 | |
| 856 | 4 | 0 | |u http://www.gutenberg.org/etext/32751 |
| 856 | 4 | 2 | |u http://www.gutenberg.org/license |3 Rights |
| 999 | |a vtls000074138 |c 61050 |d 61050 | ||